Регионална библиотека "Любен Каравелов" - Русе

Помагало за помагане (Запис номер 82530)

MARC детайли
000 -Лидер
Контролно поле с фиксирана дължина 01547nam a2200361 c 4500
003 - Код на организацията, давaща контролен номер
Контролно поле BLK
005 - Дата и час на последна редакция
Контролно поле 20210927114417.0
008 - Елементи от данни с фиксирана дължина
fixed length control field 180408b bul|||||r ||||||| ||bul||
010 ## - Наследен системен номер
LC control number KNG00087063000
020 ## - Международен стандартен номер на книга ISBN
Международен стандартен номер на книга ISBN 9789547758490
040 ## - Източник на каталожния запис
Идентификатор на билиотеката - собственик на записа BLK
041 ## - Код за език
Код за езика на текст/звукозапис или на отделно заглавие Български
Код за езика КДБФ Български
080 ## - УДК
Текстов определител УДК Педагогическа психология
УДК код - определител по УДК 37.015.3
УДК - код + определител 37.015.3
080 ## - УДК
Текстов определител УДК Възпитание в училище
УДК код - определител по УДК 37.018.2
УДК - код + определител 37.018.2
080 ## - УДК
Текстов определител УДК Психология на детската възраст. Интелектуално развитие на децата. Психически особености. Детски представи, описани в разкази
УДК код - определител по УДК 159.922.7
УДК - код + определител 159.922.7
100 1# - Редна дума - Автор
Автор Дончева, Диана
Авторска отговорност първи автор
R(LIN) 300570
139 ## - Редно поле
Редна дума Дончева, Диана
Авторски знак Донч - Д 78
245 10 - Сведения за заглавието
Заглавие Помагало за помагане
Редно поле (дума) Диана Дончева.
257 ## - Страна на издаване
Страна на създаване/издаване България
260 ## - Област на издателските данни
Име на издателя, разпространителя и проч. Фабер
Година на издаване 2008
Място на издаване, разпространение и проч. В. Търново
300 ## - Физическа характеристика
Страници 107 с.
Илюстрации и др. цв. ил.
Размери/Мащаб 20 см
380 ## - Жанр
Жанр Обществени науки
650 #4 - Допълнително описание по предмет – тема
Основно описание – тема или топоним Детска и педагогическа психология
9 (RLIN) 244538
650 #4 - Допълнително описание по предмет – тема
Основно описание – тема или топоним Учебно-възпитателна работа
9 (RLIN) 246003
653 ## - Ключова дума – ненормативна
Ключова дума детска психология
653 ## - Ключова дума – ненормативна
Ключова дума педагогическа психология
653 ## - Ключова дума – ненормативна
Ключова дума учебно-възпитателна работа
852 ## - Местоположение
Форматна сигнатура Цб 242252
Фондова буква Хранилище
856 4# - Електронен адрес и достъп
Електронен формат pdf - файл
856 4# - Електронен адрес и достъп
Електронен формат pdf - файл
999 ## - СИСТЕМНИ КОНТРОЛНИ НОМЕРА
Koha biblionumber 82530
Koha biblioitemnumber 82530
942 ## - АРТИКУЛИ
Вид на библиотечния материал Книги
Скрит в OPAC Не
Периодичен библиозапис Да
944 ## - СЪЗДАВАНЕ И РЕДАКЦИЯ на ЗАПИСА
Създаване/Редакция Създаване
Дата на регистрацията/редакция 06.01.2009
Служител, извършил регистрацията/редакцията Милена_Ачева
944 ## - СЪЗДАВАНЕ И РЕДАКЦИЯ на ЗАПИСА
Създаване/Редакция Редакция
Дата на регистрацията/редакция 18.02.2009
999 ## - СИСТЕМНИ КОНТРОЛНИ НОМЕРА
Koha biblioitemnumber 82530
999 ## - СИСТЕМНИ КОНТРОЛНИ НОМЕРА
Koha biblioitemnumber 82530
Наличности
Код за отписване Код за изгубен артикул Код за повреда Коз за рестрикции Код за отдаване Артикулен № Име на библиотеката - собственик Име на библиотеката, в която се намира в момента Статус (Текущо местоположение) Дата на вписване в системата Местоположение - отдел Цена в лева Инвентарен номер Систематично азбучна сигнатура Баркод Номер на екземпляра Цена в евро Служебна бележка Служебен тип на артикула Източник на класификационната схема
  Не е изгубен Не е повреден без рестрикции ползва се в читалня 134318 Регионална библиотека "Любен Каравелов" Русе Регионална библиотека "Любен Каравелов" Русе Хранилище 2009-01-06 Хранилище 7.00 120000732508 Цб 242252 120000732508 1 3.58 Дост: Dp Вид: Д N: 31 Дата: 16.07.2008 Книги  
  Не е изгубен Не е повреден без рестрикции заемане за дома 856117 Регионална библиотека "Любен Каравелов" Русе Регионална библиотека "Любен Каравелов" Русе Заемна - подръчен фонд 2021-09-28 Заемна - подръчен фонд 7.00   37.015.3/Д 78 Д 120000859970   3.58   Книги Universal Decimal Classification
Vip Innovations Ltd, Rousse, Bulgaria 2025